| 000 | 00538nam a2200205 a 4500 | ||
|---|---|---|---|
| 001 | BRCA_6106 | ||
| 005 | 20190320205333.0 | ||
| 008 | 270611c1919----gw-#######---#000-0#ger-# | ||
| 041 | _ager | ||
| 044 | _agw | ||
| 050 | 4 |
_aPT8128 _b.P54 1919 |
|
| 100 | 1 |
_aGjellerup, Karl Adolph _d1857-1919 _915430 |
|
| 245 | 1 | 0 |
_aDer Pilger Kamanita _cvon Karl Gjellerup. |
| 260 |
_aFrankfurt, Alemania _bRutten & Loening _c1919 |
||
| 300 |
_a322 p. _c19 cm. |
||
| 500 | _aK8 | ||
| 650 | 1 | 4 |
_aLiteratura Alemana _96160 |
| 902 | _aGFM | ||
| 942 |
_2lcc _cB |
||
| 999 |
_c5793 _d5793 |
||